Методическое пособие для выполнения лабораторных работ по сопротивлению материалов

Bibliografiske detaljer
Institution som forfatter: Сибирский металлургический институт (СМИ)
Sprog:russisk
Udgivet: Новокузнецк, 1971
Fag:
Format: MixedMaterials Bog
KOHA link:https://koha.lib.tpu.ru/cgi-bin/koha/opac-detail.pl?biblionumber=264968

MARC

LEADER 00000nam0a2200000 4500
001 264968
005 20231101233859.0
035 |a (RuTPU)RU\TPU\book\287966 
090 |a 264968 
100 |a 20140623d1971 m y0rusy50 ca 
101 0 |a rus 
102 |a RU 
105 |a a j 001zy 
200 1 |a Методическое пособие для выполнения лабораторных работ по сопротивлению материалов  |f Сибирский металлургический институт (СМИ) 
210 |a Новокузнецк  |d 1971 
215 |a 128 с.  |c ил. 
320 |a Библиогр.: с. 127-128. 
606 1 |a Сопротивление материалов  |2 stltpush  |3 (RuTPU)RU\TPU\subj\55554  |9 73567 
610 1 |a прочность 
610 1 |a пластичность 
610 1 |a деформации 
610 1 |a лабораторные работы 
610 1 |a учебные пособия 
675 |a 620.1(076.5)  |v 2 
675 |a 539.3/.6(076.5)  |v 3 
712 0 2 |a Сибирский металлургический институт (СМИ)  |c (Новокузнецк)  |c (1933-1994)  |2 stltpush  |3 (RuTPU)RU\TPU\col\2081 
801 1 |a RU  |b 63413507  |c 20140623 
801 2 |a RU  |b 63413507  |c 20140715  |g RCR 
942 |c BK